000 00316nam a2200145Ia 4500
100 _aCantu/Marco
942 _cBK
654 _aComputer
245 _aMastering Delphi 2 for Win 95/NT
260 _bBPB Publication
_aDelhi
_c1996
082 _a5.133
_bCAN/W
300 _a1043
546 _aENGLISH
999 _c25617
_d25617